[Event "Thüringenliga 2025/26"]
[Site "?"]
[Date "2025.12.14"]
[Round "4.1"]
[White "Ziganshin, Ainur"]
[Black "Sondermann, Johannes"]
[Result "1-0"]
[WhiteElo "2234"]
[BlackElo "1997"]
[WhiteFideId "-1"]
[BlackFideId "-1"]
[PlyCount "81"]
[GameId "2257614881755296"]
[EventDate "2025.09.14"]
[EventType "team-tourn"]
[EventRounds "9"]
[SourceTitle "Thueringer Schachbund"]
[Source "ThSB"]
[SourceDate "2025.09.14"]
[SourceVersion "1"]
[SourceVersionDate "2025.09.14"]
[SourceQuality "1"]
[WhiteTeam "Ilmenauer SV"]
[BlackTeam "Meuselwitzer SV"]

{[%evp 0,81,25,22,22,18,10,5,14,-2,-2,9,33,38,46,49,50,58,187,63,63,59,80,68,100,-14,12,13,264,296,304,348,344,344,336,289,327,344,319,312,380,380,366,373,415,423,485,507,681,514,514,521,515,520,537,541,541,529,630,567,605,534,612,611,645,648,665,670,678,677,737,716,804,753,776,822,874,880,886,886,894,899,1028,1063]} 1. e4 e5 2. Nf3 Nc6 3. Bc4 Bc5 4. c3 Nf6 5. d3 a5 6. O-O O-O 7. d4 Bd6 8. Re1 Re8 9. Bg5 h6 10. Bh4 exd4 11. cxd4 g5 12. Bxg5 hxg5 13. Nxg5 Nxe4 14. Nxe4 Bxh2+ 15. Kh1 Rxe4 16. Bxf7+ Kg7 17. Rxe4 d5 18. Re8 Qh4 19. Qh5 Bg3+ 20. Qxh4 Bxh4 21. Bxd5 Nb4 22. Nc3 Nc2 23. Rd1 Bf6 24. Be6 Bxe6 25. Rxa8 Nxd4 26. Ne4 Nc6 27. Nxf6 Kxf6 28. a3 Bb3 29. Rd3 a4 30. f4 Kf5 31. Rf8+ Ke4 32. Rd7 Na5 33. f5 Nc4 34. Rxc7 b6 35. f6 Ne5 36. f7 Kf5 37. g4+ Kf6 38. g5+ Kf5 39. g6 Nxg6 40. Rg8 Bd5+ 41. Kg1 1-0

[Event "Thüringenliga 2025/26"]
[Site "?"]
[Date "2025.12.14"]
[Round "4.2"]
[White "Naundorf, Johannes"]
[Black "Rauch, Arwid"]
[Result "1-0"]
[WhiteElo "1949"]
[BlackElo "1732"]
[WhiteFideId "-1"]
[BlackFideId "-1"]
[PlyCount "79"]
[GameId "2257614881792161"]
[EventDate "2025.09.14"]
[EventType "team-tourn"]
[EventRounds "9"]
[SourceTitle "Thueringer Schachbund"]
[Source "ThSB"]
[SourceDate "2025.09.14"]
[SourceVersion "1"]
[SourceVersionDate "2025.09.14"]
[SourceQuality "1"]
[WhiteTeam "Meuselwitzer SV"]
[BlackTeam "Ilmenauer SV"]

{[%evp 0,79,21,33,32,-54,-50,-52,-46,-45,-24,-24,-26,-32,-19,-16,-14,-21,-8,-11,14,-14,19,24,18,23,19,21,14,-51,-36,-36,-34,-89,-103,-73,-31,-76,-44,-50,-54,-49,-41,-49,-40,-63,-52,-58,-46,-58,17,-2,33,-5,34,39,35,18,30,22,96,81,145,147,139,130,155,141,142,142,181,193,266,275,306,319,294,288,654,666,715,721]} 1. Nf3 d5 2. b4 Bf5 3. Bb2 e6 4. b5 c5 5. e3 Nf6 6. c4 Be7 7. Be2 O-O 8. O-O Nbd7 9. Nc3 Nb6 10. d3 Qc7 11. a4 dxc4 12. dxc4 Rfd8 13. Qb3 a5 14. bxa6 bxa6 15. Rfd1 Rab8 16. Nh4 Ng4 17. Nf3 Nf6 18. h3 Nbd5 19. Qa3 Nb4 20. Rxd8+ Rxd8 21. Rd1 Rxd1+ 22. Bxd1 Bd3 23. Qb3 Nd7 24. Na2 Nxa2 25. Qxd3 Nb4 26. Qd2 Qd6 27. Qxd6 Bxd6 28. Nd2 Be5 29. Ba3 Bc3 30. Ne4 Be5 31. Nxc5 Nxc5 32. Bxb4 Nd3 33. Ba3 Bb2 34. Be7 Ne5 35. c5 f5 36. Be2 Nc6 37. Bd6 Kf7 38. Bxa6 Ke8 39. Bb5 Kd7 40. a5 1-0

[Event "Thüringenliga 2025/26"]
[Site "?"]
[Date "2025.12.14"]
[Round "4.3"]
[White "Jung, Timo"]
[Black "Sniegowski, Richard"]
[Result "0-1"]
[WhiteElo "1607"]
[BlackElo "1873"]
[WhiteFideId "-1"]
[BlackFideId "-1"]
[PlyCount "56"]
[GameId "2257614881808546"]
[EventDate "2025.09.14"]
[EventType "team-tourn"]
[EventRounds "9"]
[SourceTitle "Thueringer Schachbund"]
[Source "ThSB"]
[SourceDate "2025.09.14"]
[SourceVersion "1"]
[SourceVersionDate "2025.09.14"]
[SourceQuality "1"]
[WhiteTeam "Ilmenauer SV"]
[BlackTeam "Meuselwitzer SV"]

{[%evp 0,56,32,18,83,73,57,20,21,-6,-14,-17,60,61,46,4,6,19,14,53,10,6,-28,-142,-17,-244,-95,-65,123,82,124,-58,-54,13,7,20,35,50,70,72,76,88,104,104,98,72,75,66,82,85,87,53,95,18,59,-473,-481,-29999,-29999]} 1. e4 c6 2. d4 d5 3. f3 dxe4 4. fxe4 e5 5. Nf3 Bg4 6. Bc4 Nd7 7. O-O Ngf6 8. c3 Bd6 9. Qb3 O-O 10. Qxb7 exd4 11. Nxd4 Nxe4 12. Nd2 Nxd2 13. Bxd2 Ne5 14. Nxc6 Nxc6 15. Bxf7+ Rxf7 16. Qxf7+ Kh8 17. Bf4 Qb6+ 18. Kh1 Rf8 19. Qc4 Rxf4 20. Rxf4 Bxf4 21. Qxf4 Be6 22. b3 Qa5 23. b4 Qd8 24. a4 h6 25. h3 Qd3 26. Rc1 Bd5 27. c4 Qxh3+ 28. Kg1 Qxg2# 0-1

[Event "Thüringenliga 2025/26"]
[Site "?"]
[Date "2025.12.14"]
[Round "4.4"]
[White "Bellmann, Daniel"]
[Black "Ortlepp, Steffen"]
[Result "0-1"]
[WhiteElo "1866"]
[BlackElo "1813"]
[WhiteFideId "-1"]
[BlackFideId "-1"]
[PlyCount "98"]
[GameId "2257614881829027"]
[EventDate "2025.09.14"]
[EventType "team-tourn"]
[EventRounds "9"]
[SourceTitle "Thueringer Schachbund"]
[Source "ThSB"]
[SourceDate "2025.09.14"]
[SourceVersion "1"]
[SourceVersionDate "2025.09.14"]
[SourceQuality "1"]
[WhiteTeam "Meuselwitzer SV"]
[BlackTeam "Ilmenauer SV"]

{[%evp 0,98,32,18,53,6,0,-16,-6,-1,15,23,44,27,22,29,27,-17,34,47,106,33,77,2,-19,1,3,8,18,19,-3,-8,-13,-19,-8,-1,-10,-21,-26,-21,-8,-43,-24,-24,-28,-32,-30,-30,-27,-30,-30,-30,-30,-31,-31,-55,-45,-57,-48,-62,-41,-46,-49,-60,-45,-65,-66,-79,-82,-120,-140,-154,-169,-166,-167,-227,-204,-234,-236,-274,-277,-279,-240,-254,-250,-252,-91,-270,-300,-682,-811,-838,-863,-872,-875,-884,-890,-957,-1002,-1002,-1022]} 1. e4 c5 2. c3 d5 3. exd5 Qxd5 4. Nf3 Nf6 5. Na3 e6 6. d4 cxd4 7. Nb5 Na6 8. Nbxd4 Nc7 9. Bd3 e5 10. Qe2 Bd6 11. Bc4 Qe4 12. Qxe4 Nxe4 13. Nb5 Nxb5 14. Bxb5+ Bd7 15. Bxd7+ Kxd7 16. O-O f6 17. Re1 Nc5 18. Be3 Rhd8 19. Rad1 Kc7 20. Rd5 b6 21. Red1 Be7 22. Rxd8 Rxd8 23. Rxd8 Kxd8 24. Bxc5 Bxc5 25. Kf1 Kd7 26. Ke2 Ke6 27. c4 e4 28. Ne1 Ke5 29. Nc2 a5 30. b3 f5 31. f3 g5 32. fxe4 Kxe4 33. h3 h5 34. a3 f4 35. b4 axb4 36. axb4 Bd6 37. b5 g4 38. hxg4 hxg4 39. Ne1 Kd4 40. Nd3 Kxc4 41. Nf2 g3 42. Ne4 Bc5 43. Kf3 Be3 44. Nxg3 fxg3 45. Kxe3 Kxb5 46. Kf4 Kc4 47. Kxg3 b5 48. Kf4 b4 49. g4 b3 0-1

[Event "Thüringenliga 2025/26"]
[Site "?"]
[Date "2025.12.14"]
[Round "4.5"]
[White "Schenk, Stefan"]
[Black "Barth, Jürgen"]
[Result "0-1"]
[WhiteElo "1930"]
[BlackElo "1781"]
[WhiteFideId "-1"]
[BlackFideId "-1"]
[PlyCount "96"]
[GameId "2257614881845412"]
[EventDate "2025.09.14"]
[EventType "team-tourn"]
[EventRounds "9"]
[SourceTitle "Thueringer Schachbund"]
[Source "ThSB"]
[SourceDate "2025.09.14"]
[SourceVersion "1"]
[SourceVersionDate "2025.09.14"]
[SourceQuality "1"]
[WhiteTeam "Ilmenauer SV"]
[BlackTeam "Meuselwitzer SV"]

{[%evp 0,96,32,30,63,59,70,73,60,45,58,34,42,34,58,42,40,29,59,25,49,38,75,69,74,78,61,-9,16,14,34,27,24,31,29,39,36,-59,-66,-33,-117,-126,-123,-133,-139,-135,-115,-141,-85,-103,-99,-142,-131,-148,-151,-270,-155,-163,-171,-165,-171,-213,-194,-319,-191,-238,-176,-217,-190,-212,-205,-333,-371,-393,-95,-141,-41,-364,-381,-391,-390,-594,-613,-623,-495,-503,-470,-481,-501,-484,-514,-525,-527,-595,-612,-724,-748,-766,-777]} 1. e4 c6 2. d4 d5 3. e5 Bf5 4. Nf3 Nd7 5. Be2 e6 6. O-O Be7 7. c4 dxc4 8. Bxc4 Nb6 9. Bb3 Bg4 10. Nc3 h5 11. h3 Bf5 12. Be3 g5 13. d5 exd5 14. Nd4 Qd7 15. Re1 O-O-O 16. Nxf5 Qxf5 17. Bc2 Qe6 18. Bxb6 axb6 19. a4 g4 20. Qd3 gxh3 21. Qxh3 Qxh3 22. gxh3 Nh6 23. Kf1 Bg5 24. Ne2 Rhe8 25. f4 Bh4 26. Red1 f6 27. Bg6 Re7 28. exf6 Bxf6 29. Bxh5 Kc7 30. Rab1 Nf5 31. Rd3 c5 32. b3 d4 33. Bg4 Ne3+ 34. Kf2 Rh8 35. Re1 Bh4+ 36. Ng3 Rg7 37. Kf3 Rhg8 38. Rg1 Nxg4 39. hxg4 Rxg4 40. Nf5 Rxg1 41. Nxh4 R1g3+ 42. Ke2 Rxd3 43. Kxd3 Rg4 44. Nf3 Rxf4 45. Ne5 Rh4 46. Kc4 Rh3 47. b4 Rc3+ 48. Kd5 d3 0-1

[Event "Thüringenliga 2025/26"]
[Site "?"]
[Date "2025.12.14"]
[Round "4.6"]
[White "Ignatova, Gabriela"]
[Black "Michael, Torsten"]
[Result "1-0"]
[WhiteElo "1691"]
[BlackElo "1749"]
[WhiteFideId "-1"]
[BlackFideId "-1"]
[PlyCount "57"]
[GameId "2257614881865893"]
[EventDate "2025.09.14"]
[EventType "team-tourn"]
[EventRounds "9"]
[SourceTitle "Thueringer Schachbund"]
[Source "ThSB"]
[SourceDate "2025.09.14"]
[SourceVersion "1"]
[SourceVersionDate "2025.09.14"]
[SourceQuality "1"]
[WhiteTeam "Meuselwitzer SV"]
[BlackTeam "Ilmenauer SV"]

{[%evp 0,57,30,38,21,18,24,7,7,2,58,59,55,47,78,65,187,112,90,79,136,119,142,88,117,113,119,133,134,140,123,149,158,125,205,186,185,156,197,187,199,207,199,160,213,176,215,240,290,294,250,232,256,237,346,230,210,198,214,193]} 1. e4 e5 2. Nf3 Nc6 3. Bc4 Bc5 4. c3 d6 5. d4 exd4 6. cxd4 Bb4+ 7. Bd2 Qe7 8. O-O Bxd2 9. Nbxd2 Nh6 10. Re1 O-O 11. a3 a6 12. Qc2 Qf6 13. d5 Ne5 14. Nxe5 Qxe5 15. Nf3 Qf6 16. Bd3 g6 17. Qxc7 Bg4 18. Be2 Rac8 19. Qxb7 Rb8 20. Qxa6 Rxb2 21. Qd3 Re8 22. a4 Bd7 23. a5 Ng4 24. h3 Bb5 25. Qd4 Rxe2 26. hxg4 Qf4 27. Rxe2 Bxe2 28. Qd2 Qxe4 29. Re1 1-0

[Event "Thüringenliga 2025/26"]
[Site "?"]
[Date "2025.12.14"]
[Round "4.7"]
[White "Lehmann, Joachim"]
[Black "Scheiding, Sophia"]
[Result "0-1"]
[WhiteElo "1794"]
[BlackElo "1684"]
[WhiteFideId "-1"]
[BlackFideId "-1"]
[PlyCount "90"]
[GameId "2257614881886374"]
[EventDate "2025.09.14"]
[EventType "team-tourn"]
[EventRounds "9"]
[SourceTitle "Thueringer Schachbund"]
[Source "ThSB"]
[SourceDate "2025.09.14"]
[SourceVersion "1"]
[SourceVersionDate "2025.09.14"]
[SourceQuality "1"]
[WhiteTeam "Ilmenauer SV"]
[BlackTeam "Meuselwitzer SV"]

{[%evp 0,90,30,30,75,8,16,-3,17,22,17,-22,-7,-6,4,-7,39,29,83,64,52,40,69,41,35,-15,-20,-44,-33,-46,53,38,37,30,39,25,25,10,58,0,-10,-4,-13,-26,8,-103,-83,-114,-106,-222,-212,-220,-225,-220,-217,-218,-197,-264,-268,-262,-264,-272,-283,-290,-245,-252,-213,-215,-215,-219,-218,-241,-234,-237,-235,-248,-250,-241,-237,-269,-263,-268,-285,-304,-316,-300,-318,-340,-347,-382,-294,-352,-371]} 1. d4 d6 2. c4 e5 3. dxe5 dxe5 4. Qxd8+ Kxd8 5. e3 Bf5 6. Nc3 c6 7. Nf3 f6 8. a3 a5 9. e4 Be6 10. Be3 Kc7 11. Be2 Nd7 12. O-O Bc5 13. Bxc5 Nxc5 14. b4 axb4 15. axb4 Rxa1 16. Rxa1 Nd7 17. Nd2 Ne7 18. c5 Nc8 19. Bc4 Bxc4 20. Nxc4 Rd8 21. Kf1 Nb8 22. Ne2 Na6 23. Rb1 Nxb4 24. f3 Na6 25. Rc1 Nxc5 26. Ne3 Nd3 27. Rc3 Nb6 28. g3 Na4 29. Nd5+ Rxd5 30. exd5 Nxc3 31. Nxc3 Kd6 32. dxc6 bxc6 33. Ke2 Nb4 34. h4 Kc5 35. g4 Kd4 36. Kd2 Nd5 37. Ne2+ Kc4 38. Ng3 c5 39. Ne4 Kb4 40. Kc2 c4 41. h5 f5 42. gxf5 Ne3+ 43. Kb2 Nxf5 44. Ng5 h6 45. Ne4 Nd4 0-1

[Event "Thüringenliga 2025/26"]
[Site "?"]
[Date "2025.12.14"]
[Round "4.8"]
[White "Schmidt, Jens"]
[Black "Richter, Frank"]
[Result "0-1"]
[WhiteElo "1713"]
[BlackElo "1627"]
[WhiteFideId "-1"]
[BlackFideId "-1"]
[PlyCount "66"]
[GameId "2257614881906855"]
[EventDate "2025.09.14"]
[EventType "team-tourn"]
[EventRounds "9"]
[SourceTitle "Thueringer Schachbund"]
[Source "ThSB"]
[SourceDate "2025.09.14"]
[SourceVersion "1"]
[SourceVersionDate "2025.09.14"]
[SourceQuality "1"]
[WhiteTeam "Meuselwitzer SV"]
[BlackTeam "Ilmenauer SV"]

{[%evp 0,66,30,1,52,25,14,3,13,9,1,-16,-18,-23,-24,-15,-15,-9,14,-5,9,9,8,0,69,27,25,-146,-146,-149,-141,-145,-120,-147,-156,-162,-154,-179,-178,-204,-65,-224,-192,-229,-197,-271,-287,-302,-277,-263,-263,-299,-291,-307,-331,-517,-51,-1082,-563,-606,-624,-1031,-1039,-29985,-29986,-29989,-29990,-29991,-2623]} 1. c4 g6 2. g3 Bg7 3. Bg2 c5 4. Nc3 Nc6 5. e4 Nf6 6. Nge2 O-O 7. O-O d6 8. d3 Ne8 9. f4 f5 10. Be3 Nd4 11. Qd2 Qa5 12. Rfc1 Rb8 13. a3 Nb3 14. Qc2 Nxa1 15. Rxa1 Nc7 16. Bd2 Qa6 17. Re1 fxe4 18. Nxe4 b5 19. cxb5 Nxb5 20. Qc4+ e6 21. Ng5 Nc7 22. b4 Qxa3 23. Bh3 Ba6 24. Bxe6+ Kh8 25. Qe4 Rbe8 26. f5 Qxd3 27. Qh4 Bd4+ 28. Kf1 Rxf5+ 29. Bxf5 Qxf5+ 30. Bf4 Bxe2+ 31. Rxe2 Qb1+ 32. Kg2 Rxe2+ 33. Kh3 Qf1+ 0-1

[Event "Thüringenliga 2025/26"]
[Site "?"]
[Date "2025.12.14"]
[Round "4.2"]
[White "Aniol, Nico"]
[Black "Kirschbaum, Gunnar"]
[Result "1/2-1/2"]
[WhiteElo "2071"]
[BlackElo "1995"]
[WhiteFideId "-1"]
[BlackFideId "-1"]
[PlyCount "76"]
[GameId "2255445080127837"]
[EventDate "2025.09.14"]
[EventType "team-tourn"]
[EventRounds "9"]
[SourceTitle "Thueringer Schachbund"]
[Source "ThSB"]
[SourceDate "2025.09.14"]
[SourceVersion "1"]
[SourceVersionDate "2025.09.14"]
[SourceQuality "1"]
[WhiteTeam "VfL 1990 Gera"]
[BlackTeam "SV Medizin Erfurt"]

{[%evp 0,39,24,24,77,75,75,13,15,-22,-8,2,-1,17,6,14,-5,-41,-42,-34,-36,-29,-27,-44,-36,-39,-26,-32,-30,-35,-38,-50,-51,-48,-39,-46,-49,-51,-55,-70,-67,-74]} 1. e4 d6 2. d4 Nf6 3. Bd3 e5 4. c3 d5 5. dxe5 Nxe4 6. Bxe4 dxe4 7. Qxd8+ Kxd8 8. Bg5+ Be7 9. Bxe7+ Kxe7 10. Nd2 Nc6 11. f4 exf3 12. Ngxf3 Bg4 13. Kf2 Rad8 14. Rhe1 Rhe8 15. Re3 Kf8 16. Rae1 h6 17. h3 Be6 18. a3 b6 19. Nf1 Na5 20. Nd4 Nc4 21. R3e2 Rd5 22. Ne3 Nxe3 23. Rxe3 c5 24. Nxe6+ Rxe6 25. R1e2 Ke7 26. Kf3 Rg6 27. g4 Rc6 28. Kf4 Ke6 29. h4 c4 30. Re4 Rcc5 31. Rd4 b5 32. Red2 g6 33. Rd1 a6 34. R1d2 Rxe5 35. Rd6+ Ke7 36. Rxa6 Re1 37. Ra7+ Kf6 38. Rf2 Ke6 1/2-1/2

[Event "Thüringenliga 2025/26"]
[Site "?"]
[Date "2025.12.14"]
[Round "4.3"]
[White "Müller-Ludwig, Kristin"]
[Black "Seidens, Gunter"]
[Result "1-0"]
[WhiteElo "1965"]
[BlackElo "1927"]
[WhiteFideId "-1"]
[BlackFideId "-1"]
[PlyCount "49"]
[GameId "2255448622578550"]
[EventDate "2025.09.14"]
[EventType "team-tourn"]
[EventRounds "9"]
[SourceTitle "Thueringer Schachbund"]
[Source "ThSB"]
[SourceDate "2025.09.14"]
[SourceVersion "1"]
[SourceVersionDate "2025.09.14"]
[SourceQuality "1"]
[WhiteTeam "SV Medizin Erfurt"]
[BlackTeam "VfL 1990 Gera"]

{[%evp 0,44,24,24,42,45,42,47,38,37,71,71,89,66,77,71,66,66,62,44,86,76,63,53,83,49,38,41,75,114,274,280,302,316,347,332,353,353,565,0,0,0,161,207,205,243,198]} 1. e4 d5 2. exd5 Nf6 3. Nf3 Nxd5 4. d4 g6 5. c4 Nb6 6. c5 Nd5 7. Bc4 Bg7 8. Qb3 c6 9. Nc3 e6 10. O-O O-O 11. Re1 Nd7 12. Bxd5 exd5 13. Bf4 b6 14. Bd6 Re8 15. Rxe8+ Qxe8 16. Re1 Qd8 17. Nxd5 cxd5 18. Qxd5 Ba6 19. Be7 Qc8 20. Ng5 h6 21. Qxf7+ Kh8 22. Ne6 Qg8 23. Qxg6 Bb7 24. c6 Re8 25. Qxg7+ 1-0

[Event "Thüringenliga 2025/26"]
[Site "?"]
[Date "2025.12.14"]
[Round "4.4"]
[White "Huster, Mike"]
[Black "Nguyen, Ha Thanh"]
[Result "1/2-1/2"]
[WhiteElo "1906"]
[BlackElo "1887"]
[WhiteFideId "-1"]
[BlackFideId "-1"]
[PlyCount "56"]
[GameId "2255453183446625"]
[EventDate "2025.09.14"]
[EventType "team-tourn"]
[EventRounds "9"]
[SourceTitle "Thueringer Schachbund"]
[Source "ThSB"]
[SourceDate "2025.09.14"]
[SourceVersion "1"]
[SourceVersionDate "2025.09.14"]
[SourceQuality "1"]
[WhiteTeam "VfL 1990 Gera"]
[BlackTeam "SV Medizin Erfurt"]

{[%evp 0,44,24,21,22,20,19,6,11,8,24,26,21,33,40,8,53,61,57,48,57,41,52,33,28,-3,35,-12,-12,-23,9,-15,-35,-75,-69,-68,-31,-51,12,12,18,-38,5,12,11,-25,-1]} 1. d4 Nf6 2. Nf3 e6 3. c4 a6 4. g3 d5 5. Bg2 Be7 6. O-O O-O 7. b3 Ra7 8. Bb2 dxc4 9. bxc4 c5 10. e3 Nc6 11. Qe2 cxd4 12. exd4 b5 13. Rd1 bxc4 14. Nbd2 a5 15. Qxc4 Nb4 16. a4 Ba6 17. Qb3 Nd3 18. Ba3 Ng4 19. Ne4 Bxa3 20. Rxa3 Nb4 21. Nc5 Qd6 22. h3 Nf6 23. Ne5 Rd8 24. g4 h6 25. Raa1 Nfd5 26. Rac1 Nf4 27. Bf1 Bxf1 28. Kxf1 Qd5 1/2-1/2

[Event "Thüringenliga 2025/26"]
[Site "?"]
[Date "2025.12.14"]
[Round "4.5"]
[White "Jakob, Matthias"]
[Black "Schönfeld, Volker"]
[Result "1/2-1/2"]
[WhiteElo "1959"]
[BlackElo "1846"]
[WhiteFideId "-1"]
[BlackFideId "-1"]
[PlyCount "32"]
[GameId "2255098022820246"]
[EventDate "2025.09.14"]
[EventType "team-tourn"]
[EventRounds "9"]
[SourceTitle "Thueringer Schachbund"]
[Source "ThSB"]
[SourceDate "2025.09.14"]
[SourceVersion "1"]
[SourceVersionDate "2025.09.14"]
[SourceQuality "1"]
[WhiteTeam "SV Medizin Erfurt"]
[BlackTeam "VfL 1990 Gera"]

{[%evp 0,32,24,19,20,19,19,17,45,26,15,12,12,6,18,24,29,29,107,92,126,112,60,47,41,59,67,113,85,101,101,85,89,33,61]} 1. d4 Nf6 2. Nc3 d5 3. Bf4 Bf5 4. e3 e6 5. Nf3 Bb4 6. Bd3 Ne4 7. O-O Bxc3 8. bxc3 Nxc3 9. Qd2 Ne4 10. Qb4 b6 11. Ne5 c6 12. f3 Nf6 13. e4 a5 14. Qb2 Bg6 15. Bg5 Qc7 16. a4 O-O 1/2-1/2

[Event "Thüringenliga 2025/26"]
[Site "?"]
[Date "2025.12.14"]
[Round "4.8"]
[White "Drechsel, Uwe"]
[Black "Reichel, Norbert"]
[Result "1/2-1/2"]
[WhiteElo "1866"]
[BlackElo "1906"]
[WhiteFideId "-1"]
[BlackFideId "-1"]
[PlyCount "48"]
[GameId "2255447294196409"]
[EventDate "2025.09.14"]
[EventType "team-tourn"]
[EventRounds "9"]
[SourceTitle "Thueringer Schachbund"]
[Source "ThSB"]
[SourceDate "2025.09.14"]
[SourceVersion "1"]
[SourceVersionDate "2025.09.14"]
[SourceQuality "1"]
[WhiteTeam "VfL 1990 Gera"]
[BlackTeam "SV Medizin Erfurt"]

{[%evp 0,48,24,24,45,39,34,0,29,-21,4,4,14,13,3,9,9,8,23,-25,5,6,57,44,44,20,24,20,39,32,33,41,34,48,52,-1,8,21,31,38,37,37,49,52,52,34,39,0,22,-33,-10]} 1. e4 c5 2. Nf3 Nc6 3. c3 Nf6 4. Qc2 g6 5. d4 cxd4 6. cxd4 d5 7. e5 Ne4 8. Be3 Qa5+ 9. Nfd2 Bf5 10. Qb3 Qb4 11. Bb5 e6 12. a3 Nxd2 13. Nxd2 Qxb3 14. Nxb3 a6 15. Bxc6+ bxc6 16. Na5 Kd7 17. Kd2 Be7 18. b4 g5 19. Rhc1 Rhc8 20. Rc3 Rab8 21. Rac1 Rb6 22. f3 g4 23. Rf1 h5 24. Nb3 Rg8 1/2-1/2

[Event "Thüringenliga 2025/26"]
[Site "?"]
[Date "2025.12.14"]
[Round "4.7"]
[White "Ulrich, Helena Irene"]
[Black "Pekrul, Jürgen"]
[Result "1/2-1/2"]
[WhiteElo "1898"]
[BlackElo "1786"]
[WhiteFideId "-1"]
[BlackFideId "-1"]
[PlyCount "22"]
[GameId "2255098791324256"]
[EventDate "2025.09.14"]
[EventType "team-tourn"]
[EventRounds "9"]
[SourceTitle "Thueringer Schachbund"]
[Source "ThSB"]
[SourceDate "2025.09.14"]
[SourceVersion "1"]
[SourceVersionDate "2025.09.14"]
[SourceQuality "1"]
[WhiteTeam "SV Medizin Erfurt"]
[BlackTeam "VfL 1990 Gera"]

{[%evp 0,22,24,24,34,38,45,34,16,19,38,44,63,49,41,30,30,28,56,10,60,3,3,-44,-20]} 1. e4 c5 2. Nf3 Nc6 3. d4 cxd4 4. Nxd4 d6 5. Nc3 g6 6. Be3 Bg7 7. Qd2 Nf6 8. f3 a6 9. h4 Nh5 10. Nde2 Ne5 11. Bd4 Nc4 1/2-1/2

[Event "Thüringenliga 2025/26"]
[Site "?"]
[Date "2025.12.14"]
[Round "4.8"]
[White "Loos, Tilda"]
[Black "Fischer, Kay"]
[Result "0-1"]
[WhiteElo "1845"]
[BlackElo "1865"]
[WhiteFideId "-1"]
[BlackFideId "-1"]
[PlyCount "104"]
[GameId "2255450299632770"]
[EventDate "2025.09.14"]
[EventType "team-tourn"]
[EventRounds "9"]
[SourceTitle "Thueringer Schachbund"]
[Source "ThSB"]
[SourceDate "2025.09.14"]
[SourceVersion "1"]
[SourceVersionDate "2025.09.14"]
[SourceQuality "1"]
[WhiteTeam "VfL 1990 Gera"]
[BlackTeam "SV Medizin Erfurt"]

{[%evp 0,75,24,24,59,73,60,44,50,42,48,5,4,-6,-3,0,-5,3,-3,-21,2,-5,10,1,-12,-8,-4,5,-8,-23,-18,-48,-31,-45,-42,-33,-33,-54,-51,-51,-41,-88,-114,-122,-111,-94,-79,-94,-82,-78,-81,-75,-81,-78,-74,-78,-75,-78,-85,-77,-63,-74,-75,-78,-69,-86,-62,-82,-79,-106,-92,-134,-132,-156,-200,-203,-83,-193]} 1. e4 c6 2. d4 d5 3. exd5 cxd5 4. Nf3 Nc6 5. Ne5 e6 6. Bb5 Bd7 7. Bxc6 Bxc6 8. O-O Nf6 9. Bg5 Be7 10. Nc3 O-O 11. Re1 h6 12. Bh4 Qc7 13. Bg3 Qb6 14. Nxc6 Qxc6 15. Qd3 Rac8 16. Rec1 a6 17. Be5 Nd7 18. Bg3 Bg5 19. Re1 Qc4 20. Qxc4 Rxc4 21. Rad1 b5 22. a3 Rfc8 23. Rd3 Bd8 24. Bf4 Bb6 25. Red1 Ba5 26. Bd2 Bd8 27. Bf4 Ba5 28. Bd2 Bb6 29. Be3 Nf6 30. f3 Ne8 31. Bf4 Bd8 32. Bg3 Be7 33. Be1 R4c6 34. Re3 Bf6 35. Re2 Nd6 36. Bf2 Nc4 37. Rb1 Nb6 38. Rd1 Kf8 39. f4 Be7 40. Ra1 Nc4 41. Nd1 Nd6 42. Nc3 Ne8 43. Be1 f5 44. Rc1 Kf7 45. Nd1 Bf6 46. Rd2 Nd6 47. Rd3 Rxc2 48. Rxc2 Rxc2 49. Bc3 Ne4 50. Ne3 Rc1+ 51. Rd1 Nxc3 52. bxc3 Rxc3 0-1

[Event "Thüringenliga 2025/26"]
[Site "?"]
[Date "2025.12.14"]
[Round "4.1"]
[White "Junge, Mattheo Gabriel"]
[Black "Darr, Sascha"]
[Result "1/2-1/2"]
[WhiteElo "1877"]
[BlackElo "2069"]
[WhiteFideId "-1"]
[BlackFideId "-1"]
[PlyCount "48"]
[GameId "2257619669344584"]
[EventDate "2025.09.14"]
[EventType "team-tourn"]
[EventRounds "9"]
[SourceTitle "Thueringer Schachbund"]
[Source "ThSB"]
[SourceDate "2025.09.14"]
[SourceVersion "1"]
[SourceVersionDate "2025.09.14"]
[SourceQuality "1"]
[WhiteTeam "SV Schott Jena"]
[BlackTeam "fuß brothers Jena"]

{[%evp 0,48,38,22,73,53,61,-1,10,-1,-1,7,3,16,0,-5,3,-4,8,-5,5,-2,5,8,18,29,24,27,42,23,23,24,24,18,15,19,149,49,49,20,41,44,47,54,60,58,50,51,35,34,53]} 1. e4 c6 2. Nf3 d5 3. d3 dxe4 4. dxe4 Qxd1+ 5. Kxd1 Bg4 6. h3 Bxf3+ 7. gxf3 Nd7 8. c3 e6 9. Be3 Bc5 10. Kc2 Ngf6 11. Nd2 Ke7 12. Be2 Rhd8 13. Nc4 Ne8 14. Rad1 Bxe3 15. fxe3 Nb6 16. Na5 Rxd1 17. Rxd1 Rb8 18. b4 Nc7 19. h4 Nd7 20. f4 Nf6 21. Bf3 e5 22. Nc4 Nd7 23. Bg4 Ne6 24. Rg1 g6 1/2-1/2